000 00287nam a22001217a 4500
999 _c12774
_d12774
020 _a9780074716625
082 _a616.9
100 _aSanjaya Senanayake
245 _aClinical Cases in Infectious Diseases
260 _aAustralia
_bMcGraw Hill
_c2007
300 _a398 pages
942 _cBK